[Event "TCh-TUR 2011"]
[Site "Konya TUR"]
[Date "2011.07.04"]
[Round "7"]
[White "Yaka, Beyza"]
[Black "Sanal, Suna"]
[Result "1/2-1/2"]
[WhiteElo "1525"]
[BlackElo "1685"]
[WhiteTeam "Turk Hava Yollari S.K."]
[BlackTeam "Bursa Tophane Meslek Lisesi S.K."]
[WhiteFideId "6303641"]
[BlackFideId "6315380"]
[EventDate "2011.06.28"]

1. e4 c5 2. c3 d5 3. exd5 Qxd5 4. d4 Nf6 5. Nf3 e6 6. Be2 Be7 7. O-O O-O 8. h3
Nc6 9. Be3 cxd4 10. Nxd4 Nxd4 11. Qxd4 Rd8 12. Qxd5 Nxd5 13. Bd2 b6 14. Bf3 Ba6
15. Rd1 Rac8 16. a4 Bc4 17. Bc1 a5 18. Nd2 Ba6 19. Ne4 h6 20. Bd2 Bc4 21. Re1
Bb3 22. Bd1 Bxd1 23. Raxd1 Rc7 24. Bc1 Rcd7 25. Rd2 Nf6 26. Nxf6+ Bxf6 27. Rxd7
Rxd7 28. Be3 Rb7 29. c4 Kf8 30. b3 Ke7 31. Rd1 Bc3 32. Kf1 Bb4 33. Ke2 1/2-1/2

[Event "TCh-TUR 2011"]
[Site "Konya TUR"]
[Date "2011.07.04"]
[Round "7"]
[White "Gundogan, Sinem Cagla"]
[Black "Ulusoy, Nisan"]
[Result "1-0"]
[WhiteElo "1433"]
[BlackElo "1585"]
[WhiteTeam "Turk Hava Yollari S.K."]
[BlackTeam "Bursa Tophane Meslek Lisesi S.K."]
[WhiteFideId "6325378"]
[BlackFideId "6322247"]
[EventDate "2011.06.28"]

1. e4 e6 2. d4 d5 3. e5 c5 4. c3 Nc6 5. Nf3 a6 6. Bd3 b5 7. dxc5 Bxc5 8. O-O
Nge7 9. Qe2 Ng6 10. Re1 Bb7 11. Nbd2 Nf4 12. Qf1 Nxd3 13. Qxd3 h6 14. Nb3 Ba7
15. Nbd4 Na5 16. b3 Rc8 17. Bb2 O-O 18. Rac1 Qe7 19. Nd2 Qg5 20. Qe3 Qg6 21.
N2f3 Nc6 22. h3 b4 23. Qd2 a5 24. Nxc6 Bxc6 25. cxb4 axb4 26. Bd4 Bxd4 27. Nxd4
Bd7 28. Qxb4 f6 29. Rxc8 Bxc8 30. Nc6 Qf7 31. Ne7+ Kh7 32. Nxc8 Rxc8 33. exf6
Qxf6 34. Qd2 d4 35. Re4 e5 36. f4 Qg6 37. Rxe5 Rc2 38. f5 Qc6 39. Re6 Qc5 40.
Qd3 Rc3 41. Qd2 d3+ 42. Re3 Rc1+ 43. Kh2 Qd6+ 44. Rg3 Rc2 45. Qxd3 Qxd3 46. Rxd3
Rxa2 47. Rd7 Rf2 48. Rd5 Rb2 49. Rb5 Rf2 50. b4 Kg8 51. Kg3 Rb2 52. Rb7 Kf8 53.
b5 Rb4 54. b6 Kg8 55. Rb8+ Kf7 56. b7 h5 57. Rh8 Rxb7 58. Rxh5 Kf6 59. Kh4 Rb3
60. g4 Rf3 61. Rh8 Kf7 62. Kg5 Rf1 63. h4 Rh1 64. h5 Rf1 65. h6 Rg1 66. Rh7 Kg8
67. Rxg7+ Kh8 68. Rg6 Kh7 69. Re6 Kg8 70. f6 Rf1 71. Re8+ Kh7 72. Re7+ Kg8 73.
f7+ Kf8 74. Re5 Rh1 75. Kg6 Re1 76. Re8+ Rxe8 1-0

[Event "TCh-TUR 2011"]
[Site "Konya TUR"]
[Date "2011.07.04"]
[Round "7"]
[White "Arutinian, David"]
[Black "Mchedlishvili, Mikheil"]
[Result "1/2-1/2"]
[WhiteTitle "GM"]
[BlackTitle "GM"]
[WhiteElo "2564"]
[BlackElo "2629"]
[WhiteTeam "Yesilkoy Spor Kulubu"]
[BlackTeam "Tarsus Zeka Satranc S.K."]
[WhiteFideId "13601741"]
[BlackFideId "13600966"]
[EventDate "2011.06.28"]

1. d4 d5 2. c4 e6 3. Nf3 Nf6 4. Nc3 Be7 5. Bg5 h6 6. Bh4 O-O 7. e3 b6 8. Bd3 Bb7
9. O-O Nbd7 10. Bg3 dxc4 11. Bxc4 c5 12. Qe2 a6 13. a4 cxd4 14. exd4 Nh5 15. d5
Nxg3 16. hxg3 exd5 17. Bxd5 Bxd5 18. Nxd5 1/2-1/2

[Event "TCh-TUR 2011"]
[Site "Konya TUR"]
[Date "2011.07.04"]
[Round "7"]
[White "Dogan, Ali Ekber"]
[Black "Bayram, Yakup"]
[Result "1/2-1/2"]
[BlackTitle "FM"]
[WhiteElo "2130"]
[BlackElo "2268"]
[WhiteTeam "Yesilkoy Spor Kulubu"]
[BlackTeam "Tarsus Zeka Satranc S.K."]
[WhiteFideId "6304540"]
[BlackFideId "6300677"]
[EventDate "2011.06.28"]

1. d4 Nf6 2. c4 c6 3. Nf3 g6 4. Nc3 d5 5. cxd5 cxd5 6. Bf4 Bg7 7. e3 O-O 8. Bd3
Nc6 9. Qb3 a6 10. Rc1 e6 11. h3 Re8 12. Na4 Qa5+ 13. Kf1 Nd7 14. Bd6 Bf8 15.
Bxf8 Kxf8 16. g3 e5 17. dxe5 Ndxe5 18. Be2 d4 19. Nxd4 Nxd4 20. exd4 Nc6 21. Rd1
Bf5 22. Bf3 Rad8 23. g4 Nxd4 24. Qa3+ Kg7 25. gxf5 Nxf3 26. Qxf3 Qxa4 27. Rxd8
Rxd8 28. f6+ Kh6 29. Kg2 Qd4 30. Re1 Rd6 31. Qxb7 Rxf6 32. Re3 Kg7 33. Rf3 Rxf3
34. Kxf3 a5 35. a3 g5 36. Kg2 h5 37. Qb5 Qe4+ 38. Kg1 Kg6 39. Qxa5 Qb1+ 40. Kg2
Qxb2 41. Qa6+ f6 42. Qd3+ Kh6 43. a4 Qe5 44. Qb5 Qe4+ 45. Kg1 h4 46. a5 g4 47.
hxg4 Qxg4+ 48. Kh2 Qf4+ 49. Kg2 Qg4+ 50. Kh2 Qf4+ 51. Kg2 1/2-1/2

[Event "TCh-TUR 2011"]
[Site "Konya TUR"]
[Date "2011.07.04"]
[Round "7"]
[White "Brunello, Marina"]
[Black "Zimina, Olga"]
[Result "0-1"]
[WhiteTitle "WIM"]
[BlackTitle "IM"]
[WhiteElo "2177"]
[BlackElo "2346"]
[WhiteTeam "Yesilkoy Spor Kulubu"]
[BlackTeam "Tarsus Zeka Satranc S.K."]
[WhiteFideId "822590"]
[BlackFideId "4132190"]
[EventDate "2011.06.28"]

1. e4 e5 2. Nf3 Nc6 3. d4 exd4 4. Nxd4 Bc5 5. Be3 Qf6 6. c3 Nge7 7. Bc4 O-O 8.
O-O b6 9. Nc2 Ne5 10. Be2 N5g6 11. Bxc5 bxc5 12. Ne3 Nf4 13. Bc4 Rb8 14. Qc2 d6
15. Nd2 Neg6 16. Rfe1 Ne5 17. Bf1 Rxb2 18. Qxb2 Nfd3 19. Qb1 Qxf2+ 20. Kh1 Qxd2
21. Re2 Qxc3 22. h3 Be6 23. Qd1 Qd4 24. Rb1 Qxe4 25. Nc2 Qh4 26. Kg1 Qg3 27. Re3
Qf2+ 28. Kh1 Qxe3 29. Nxe3 Nf2+ 30. Kg1 Nxd1 31. Rxd1 Rb8 0-1

[Event "TCh-TUR 2011"]
[Site "Konya TUR"]
[Date "2011.07.04"]
[Round "7"]
[White "Paichadze, Luka"]
[Black "Aydogdu, Erkmen"]
[Result "1/2-1/2"]
[WhiteTitle "IM"]
[WhiteElo "2489"]
[BlackElo "2031"]
[WhiteTeam "Tarsus Zeka Satranc S.K."]
[BlackTeam "Yesilkoy Spor Kulubu"]
[WhiteFideId "13602934"]
[BlackFideId "6303064"]
[EventDate "2011.06.28"]

1. e4 c5 2. Nf3 e6 3. b3 d5 4. exd5 exd5 5. Bb5+ Nc6 6. Qe2+ Be7 7. O-O Nf6 8.
Re1 Bg4 9. Bxc6+ bxc6 10. Ba3 Bxf3 11. Qxf3 O-O 12. Nc3 Re8 13. Na4 Qa5 14. Qc3
Qxc3 15. Nxc3 Bf8 16. d3 Nd7 17. Na4 Rab8 18. c4 d4 19. Kf1 Bd6 20. g3 f5 21.
Rad1 Kf7 22. Bc1 g6 23. Bd2 Rxe1+ 24. Rxe1 Kf6 25. h3 Kf7 26. Rd1 Kf6 27. f4 h5
28. Kf2 Kf7 29. Kf3 Nf6 30. Rb1 Rb7 31. Be1 Rb8 32. Rb2 Nd7 33. Rh2 Nf6 34. Rh1
Rb7 35. Bf2 Rb8 36. Rg1 Rb7 37. Rb1 Nd7 38. Be1 Rb8 39. Bd2 Rb7 40. g4 hxg4+ 41.
hxg4 fxg4+ 42. Kxg4 Nf6+ 43. Kf3 Rb8 44. Rh1 Rf8 45. a3 Nh5 46. Rg1 Nxf4 47.
Bxf4 Ke7 48. Rg4 g5 49. Rxg5 Rxf4+ 50. Ke2 Kf6 51. Rg2 Be7 52. Nb2 Rh4 53. Nd1
Rh8 54. Kd2 Rh1 55. Kc2 Kf5 56. Re2 Bg5 57. Nf2 Rh2 58. Kd1 Kf4 59. Ne4 Rxe2 60.
Kxe2 Be7 61. Nd2 Kg3 62. Nf3 Kf4 63. Ne1 Kg3 64. Nc2 Kf4 65. b4 a6 66. Kf2 Bf8
67. Ke2 Ke5 1/2-1/2

[Event "TCh-TUR 2011"]
[Site "Konya TUR"]
[Date "2011.07.04"]
[Round "7"]
[White "Gulden, Egemen"]
[Black "Benzetsel, Ekim"]
[Result "0-1"]
[WhiteElo "1690"]
[BlackElo "1778"]
[WhiteTeam "Yesilkoy Spor Kulubu"]
[BlackTeam "Tarsus Zeka Satranc S.K."]
[WhiteFideId "6324983"]
[BlackFideId "6332749"]
[EventDate "2011.06.28"]

1. e4 e5 2. Nf3 Nc6 3. Bc4 Nf6 4. d3 Be7 5. Nc3 O-O 6. Be3 d6 7. Qd2 a6 8. h3
Na5 9. Bb3 Nxb3 10. axb3 h6 11. g4 Re8 12. O-O-O a5 13. g5 hxg5 14. Bxg5 Be6 15.
Rdg1 Nh7 16. h4 f6 17. Bh6 Bf8 18. h5 Kf7 19. Be3 c6 20. Nh4 d5 21. exd5 cxd5
22. d4 Bb4 23. Qd3 e4 24. Qe2 a4 25. Ng6 a3 26. h6 Qa5 27. Qh5 axb2+ 28. Kd1
Bxc3 29. Nf4+ Ke7 30. Rxg7+ Kd6 31. Ke2 b1=Q 32. Rxb1 Qb5+ 33. Nd3 exd3+ 34.
cxd3 Ra2+ 35. Kf3 Ng5+ 36. Bxg5 Qxd3+ 37. Kg2 Bh3+ 38. Qxh3 Rxf2+ 39. Kxf2 Qxh3
40. Bf4+ Kc6 41. Rc1 Kb6 42. Rxc3 Qxc3 43. h7 Rh8 44. Rf7 Qc2+ 45. Ke3 Qe4+ 0-1

[Event "TCh-TUR 2011"]
[Site "Konya TUR"]
[Date "2011.07.04"]
[Round "7"]
[White "Coban, Mete Sadik"]
[Black "Burneckas, Yunus"]
[Result "1-0"]
[WhiteElo "1922"]
[BlackElo "1920"]
[WhiteTeam "Adana Truva Satranc S.K."]
[BlackTeam "Mersin Ezgi Satranc Kulubu"]
[WhiteFideId "6309615"]
[BlackFideId "6312659"]
[EventDate "2011.06.28"]

1. e4 c6 2. d4 d5 3. Nc3 dxe4 4. Nxe4 Bf5 5. Ng3 Bg6 6. h4 h6 7. Nf3 Nd7 8. h5
Bh7 9. Bd3 Bxd3 10. Qxd3 e6 11. Bd2 Ngf6 12. O-O-O Be7 13. Nf1 c5 14. c3 O-O 15.
g4 Nxg4 16. Qe2 Qb6 17. Ne5 Ngf6 18. Rg1 Kh8 19. Bxh6 gxh6 20. Qe3 Kh7 21. Qd3+
Kh8 22. Qg3 Nxh5 23. Qh3 Nxe5 24. Qxh5 Kh7 25. dxe5 Rad8 26. Nd2 Rxd2 27. Rxd2
Qc6 28. f3 1-0

[Event "TCh-TUR 2011"]
[Site "Konya TUR"]
[Date "2011.07.04"]
[Round "7"]
[White "Haznedaroglu, Kivanc"]
[Black "Sengul, Cengiz"]
[Result "1/2-1/2"]
[WhiteTitle "GM"]
[WhiteElo "2444"]
[BlackElo "2225"]
[WhiteTeam "Adana Truva Satranc S.K."]
[BlackTeam "Mersin Ezgi Satranc Kulubu"]
[WhiteFideId "6300634"]
[BlackFideId "6302785"]
[EventDate "2011.06.28"]

1. e4 e5 2. Nc3 Nf6 3. f4 d5 4. fxe5 Nxe4 5. Nf3 Be7 6. Qe2 Ng5 7. d4 Nc6 8. Be3
Ne4 9. Nd1 O-O 10. Nf2 Bb4+ 11. Kd1 f6 12. a3 Be7 13. exf6 Bxf6 14. Kc1 Re8 15.
Qd1 Nd6 16. Bf4 Nf5 17. Bb5 Ne3 18. Bxe3 Rxe3 19. Bxc6 bxc6 20. Re1 Rxe1 21.
Qxe1 Bf5 22. g4 Bd7 23. Qd2 h6 24. Kb1 Qf8 25. Ka2 c5 26. h4 g6 27. Rg1 Bg7 28.
Ne5 Be8 29. c3 cxd4 30. cxd4 c5 31. Re1 cxd4 32. Qxd4 Qd6 33. Nfd3 Bb5 34. Qb4
Qxb4 35. Nxb4 Re8 36. Nf3 Rf8 37. Ne5 Re8 38. Ned3 Rxe1 39. Nxe1 Bf6 40. Ng2 a5
41. Nc2 Bd3 42. Nce1 Be2 43. b4 Bc4+ 44. Kb1 axb4 45. axb4 Bc3 46. Nc2 d4 47.
Kc1 d3 48. Nce3 Bb3 49. Nf1 Bxb4 50. Nf4 Bc4 51. Nxg6 Bd6 52. Ne3 Bb5 53. h5
Ba3+ 54. Kd1 Bb4 55. Nf1 Kg7 56. Nf4 Bd6 57. Nd5 Kf7 58. Nfe3 Ke6 59. Nc3 Ba6
60. Ne4 Bb4 61. Nf5 Ke5 62. Nd2 Bf8 63. Nh4 Kd4 64. Nf5+ Ke5 65. Nh4 Ke6 66. Ng6
Bg7 67. Ne4 Bb5 68. Kd2 Bd4 69. Ng3 Bb6 70. Nf4+ Ke5 71. Nxd3+ 1/2-1/2

[Event "TCh-TUR 2011"]
[Site "Konya TUR"]
[Date "2011.07.04"]
[Round "7"]
[White "Mirzoev, Azer"]
[Black "Esen, Baris"]
[Result "1/2-1/2"]
[WhiteTitle "GM"]
[BlackTitle "GM"]
[WhiteElo "2481"]
[BlackElo "2553"]
[WhiteTeam "Mersin Ezgi Satranc Kulubu"]
[BlackTeam "Adana Truva Satranc S.K."]
[WhiteFideId "13400304"]
[BlackFideId "6302114"]
[EventDate "2011.06.28"]

1. d4 d5 2. c4 c6 3. Nc3 Nf6 4. cxd5 cxd5 5. Bf4 Nc6 6. e3 a6 7. Nf3 Bg4 8. Be2
e6 9. O-O Be7 10. h3 Bxf3 11. Bxf3 O-O 12. Rc1 Rc8 13. Be2 Nd7 14. Bd3 1/2-1/2

[Event "TCh-TUR 2011"]
[Site "Konya TUR"]
[Date "2011.07.04"]
[Round "7"]
[White "Mutlu, Beste"]
[Black "Sop, Selen"]
[Result "0-1"]
[BlackTitle "WCM"]
[WhiteElo "1548"]
[BlackElo "1995"]
[WhiteTeam "Mersin Ezgi Satranc Kulubu"]
[BlackTeam "Adana Truva Satranc S.K."]
[WhiteFideId "6325050"]
[BlackFideId "6300278"]
[EventDate "2011.06.28"]

1. e4 c5 2. Nf3 d6 3. d4 cxd4 4. Nxd4 Nf6 5. Nc3 a6 6. Bg5 e6 7. f4 Be7 8. Qf3
h6 9. Bh4 Nbd7 10. O-O-O Qc7 11. Qg3 Rg8 12. Qf2 b5 13. a3 Bb7 14. Bxf6 Nxf6 15.
Bd3 d5 16. e5 Ne4 17. Bxe4 dxe4 18. Nde2 Rc8 19. Qg3 a5 20. Rd2 b4 21. axb4 axb4
22. Nb1 Bc5 23. c3 e3 24. Rdd1 Be4 25. Rhe1 Qa7 26. cxb4 Bxb4+ 27. Nec3 Qa1 28.
Rxe3 Qxb1+ 29. Kd2 Qxb2+ 30. Ke1 Bxc3+ 31. Kf1 Qc2 32. Rxe4 Qxd1+ 33. Kf2 Bd4+ 0-1

[Event "TCh-TUR 2011"]
[Site "Konya TUR"]
[Date "2011.07.04"]
[Round "7"]
[White "Yuksel, Atilla Koksal"]
[Black "Sevgi, Volkan"]
[Result "0-1"]
[WhiteTitle "CM"]
[WhiteElo "2035"]
[BlackElo "1912"]
[WhiteTeam "Adana Truva Satranc S.K."]
[BlackTeam "Mersin Ezgi Satranc Kulubu"]
[WhiteFideId "6306667"]
[BlackFideId "6325335"]
[EventDate "2011.06.28"]

1. e4 c6 2. d4 d5 3. exd5 cxd5 4. c4 Nf6 5. Nc3 Nc6 6. Bg5 Be6 7. Bxf6 exf6 8.
c5 Be7 9. Bb5 O-O 10. Nge2 f5 11. O-O Qc7 12. Qd2 Bf6 13. Rab1 a6 14. Bxc6 Qxc6
15. b4 b5 16. cxb6 Rab8 17. Rfc1 Qd7 18. Qd1 f4 19. Nxf4 Bf5 20. Nfxd5 Bxb1 21.
Nxf6+ gxf6 22. Rxb1 Rxb6 23. d5 Qf5 24. Qd4 Rfb8 25. h3 Qe5 26. Qc4 R6b7 27. Ne4
f5 28. Ng5 h6 29. Nf3 Qe4 30. Qc1 Kh7 31. d6 Rxb4 32. Rxb4 Rxb4 33. Qc7 Rb7 34.
Qc3 Rb1+ 35. Kh2 Qf4+ 36. g3 Qxd6 37. Qc2 Rb5 38. Nh4 Qe5 39. Qc4 Qd5 40. Qc2
Qe4 41. Qc7 Rb7 42. Qc3 Rb1 43. Nf3 Qe2 0-1

[Event "TCh-TUR 2011"]
[Site "Konya TUR"]
[Date "2011.07.04"]
[Round "7"]
[White "Bolat, Ahmet"]
[Black "Vovk, Andrey"]
[Result "0-1"]
[BlackTitle "GM"]
[WhiteElo "2074"]
[BlackElo "2545"]
[WhiteTeam "Mersin Ezgi Satranc Kulubu"]
[BlackTeam "Adana Truva Satranc S.K."]
[WhiteFideId "6327923"]
[BlackFideId "14114470"]
[EventDate "2011.06.28"]

1. e4 c5 2. Nf3 e6 3. d4 cxd4 4. Nxd4 a6 5. g3 Nf6 6. Bg2 Qc7 7. O-O Be7 8. Re1
d6 9. Nc3 Bd7 10. g4 h6 11. f4 Nc6 12. Nxc6 Bxc6 13. Be3 O-O-O 14. h3 g5 15.
fxg5 hxg5 16. Rf1 d5 17. exd5 Rxh3 18. Rf3 Qh2+ 19. Kf1 Nxd5 20. Nxd5 Rxf3+ 21.
Bxf3 Bxd5 22. Bxd5 Rxd5 23. Qf3 f5 24. Bf2 Bc5 25. Bxc5 Rxc5 26. Re1 Rc4 27. Re2
Qf4 28. Qxf4 Rxf4+ 29. Ke1 Rxg4 30. Rxe6 Re4+ 31. Rxe4 fxe4 32. Kf2 g4 33. Ke3
g3 34. c4 Kd7 35. b4 Kd6 0-1

[Event "TCh-TUR 2011"]
[Site "Konya TUR"]
[Date "2011.07.04"]
[Round "7"]
[White "Agamaliev, Gamil"]
[Black "Inarkiev, Ernesto"]
[Result "0-1"]
[WhiteTitle "GM"]
[BlackTitle "GM"]
[WhiteElo "2523"]
[BlackElo "2679"]
[WhiteTeam "Yapi Kredi Spor Kulubu"]
[BlackTeam "Istanbul Teknik Universitesi S.K."]
[WhiteFideId "13400215"]
[BlackFideId "4162722"]
[EventDate "2011.06.28"]

1. d4 Nf6 2. Nf3 e6 3. Bf4 b6 4. e3 Bb7 5. Nbd2 g6 6. h3 Bg7 7. c3 d6 8. Bd3 O-O
9. O-O Nbd7 10. Qe2 a6 11. e4 e5 12. dxe5 dxe5 13. Be3 Qe7 14. b4 Ne8 15. Rfe1
h6 16. g3 Nd6 17. Nh4 Nf6 18. f3 Nh7 19. Kh2 Ng5 20. Qf2 Nb5 21. Rac1 Rad8 22.
Bf1 Kh7 23. a4 Nd6 24. Qe2 Ne6 25. Bf2 Qd7 26. Ra1 f5 27. exf5 Nxf5 28. Nxf5
Qxd2 29. Nxg7 Ng5 30. Bg2 Bxf3 31. Qxd2 Rxd2 32. Rf1 Kxg7 33. Rae1 Be4 34. Kg1
Bd3 35. Be3 Rxg2+ 36. Kxg2 Rxf1 37. Rxf1 Bxf1+ 38. Kxf1 Ne4 39. c4 Nxg3+ 0-1

[Event "TCh-TUR 2011"]
[Site "Konya TUR"]
[Date "2011.07.04"]
[Round "7"]
[White "Kerigan, Demre"]
[Black "Yilmaz, Mustafa"]
[Result "1/2-1/2"]
[BlackTitle "IM"]
[WhiteElo "2134"]
[BlackElo "2489"]
[WhiteTeam "Yapi Kredi Spor Kulubu"]
[BlackTeam "Istanbul Teknik Universitesi S.K."]
[WhiteFideId "6307841"]
[BlackFideId "6302718"]
[EventDate "2011.06.28"]

1. e4 c5 2. Nf3 d6 3. d4 cxd4 4. Nxd4 Nf6 5. Nc3 a6 6. h3 e6 7. g4 Nc6 8. Bg2
Qc7 9. O-O Be7 10. Nde2 h6 11. Be3 Ne5 12. b3 g5 13. Qd2 h5 14. f3 hxg4 15. fxg4
Nfd7 16. Bxg5 Bxg5 17. Qxg5 b5 18. Qe3 Bb7 19. Rad1 O-O-O 20. a4 b4 21. Na2 Qc5
22. Qd4 a5 23. c3 Ba6 24. Rf2 Bxe2 25. Rxe2 Nc6 26. Qf2 Qxf2+ 27. Rxf2 Nde5 28.
cxb4 axb4 29. Nc1 Kd7 30. Nd3 Nxd3 31. Rxd3 Ke7 32. Rc2 Rc8 33. Rd1 Na5 34. Rdc1
Rxc2 35. Rxc2 Kd7 36. Bf1 Rb8 37. Bc4 Ke7 38. Kf2 Rc8 39. Bd3 Rh8 40. Bf1 Nxb3
41. Rb2 Nc5 42. Rxb4 Ra8 1/2-1/2

[Event "TCh-TUR 2011"]
[Site "Konya TUR"]
[Date "2011.07.04"]
[Round "7"]
[White "Keskin, Suara"]
[Black "Ozturk, Hilal"]
[Result "1/2-1/2"]
[WhiteElo "1693"]
[BlackElo "1765"]
[WhiteTeam "Yapi Kredi Spor Kulubu"]
[BlackTeam "Istanbul Teknik Universitesi S.K."]
[WhiteFideId "6332650"]
[BlackFideId "6315330"]
[EventDate "2011.06.28"]

1. e4 e5 2. Nf3 Nc6 3. Bc4 Bc5 4. c3 Nf6 5. O-O Nxe4 6. d4 exd4 7. cxd4 Bb6 8.
d5 Ne7 9. Bd3 Nxf2 10. Rxf2 Bxf2+ 11. Kxf2 d6 12. Nc3 h6 13. Bd2 O-O 14. Qc2 Bg4
15. Be2 Nf5 16. Kg1 Re8 17. h3 Ng3 18. Bb5 Bd7 19. Bxd7 Qxd7 20. Be1 Nf5 21. Bf2
Re7 22. Nd4 Nxd4 23. Bxd4 Rae8 24. Bf2 Re5 25. Rd1 a6 26. Qd2 Qf5 27. Bd4 R5e7
28. Rf1 Qg6 29. Kh2 c5 30. dxc6 bxc6 31. Rf3 Qh5 32. Rg3 f5 33. Bf6 Rd7 34. Bd4
Rf8 35. Ne2 Kh7 36. Nf4 Qe8 37. Ng6 Rff7 38. Bc3 Qe6 39. Nf4 Qxa2 40. Qd3 Qa4
41. Rxg7+ Rxg7 42. Qxf5+ Kg8 43. Bxg7 Rxg7 44. Ne6 Rg5 45. Qf8+ Kh7 46. Qf7+ Kh8
47. Qf6+ Kh7 48. Qf7+ Kh8 49. Qf8+ Kh7 50. Qf7+ 1/2-1/2

[Event "TCh-TUR 2011"]
[Site "Konya TUR"]
[Date "2011.07.04"]
[Round "7"]
[White "Menzi, Nezihe Ezgi"]
[Black "Yolal, Sena Gokcen"]
[Result "1-0"]
[WhiteElo "1868"]
[BlackElo "1653"]
[WhiteTeam "Yapi Kredi Spor Kulubu"]
[BlackTeam "Istanbul Teknik Universitesi S.K."]
[WhiteFideId "6310060"]
[BlackFideId "6337031"]
[EventDate "2011.06.28"]

1. e4 d5 2. exd5 Qxd5 3. Nc3 Qa5 4. d4 Nf6 5. Nf3 Bf5 6. Ne5 c6 7. Bc4 e6 8. g4
Bg6 9. h4 Nbd7 10. Nxd7 Nxd7 11. Bd2 Qb4 12. b3 Qb6 13. h5 Bxc2 14. Qxc2 Qxd4
15. Qe4 Qd6 16. Rd1 Nf6 17. Qf3 Qe5+ 18. Ne2 O-O-O 19. O-O Qc5 20. Be3 Qa5 21.
Rxd8+ Qxd8 22. Bxa7 Bb4 23. Ng3 Qa5 24. Bd4 Be7 25. Ne4 Nxe4 26. Qxe4 Qg5 27.
Be3 Qh4 28. Qf4 Bf6 29. Kg2 1-0

[Event "TCh-TUR 2011"]
[Site "Konya TUR"]
[Date "2011.07.04"]
[Round "7"]
[White "Asan, Elvan"]
[Black "Khotenashvili, Bela"]
[Result "0-1"]
[BlackTitle "IM"]
[WhiteElo "1812"]
[BlackElo "2470"]
[WhiteTeam "Istanbul Teknik Universitesi S.K."]
[BlackTeam "Yapi Kredi Spor Kulubu"]
[WhiteFideId "6312209"]
[BlackFideId "13602640"]
[EventDate "2011.06.28"]

1. e4 c6 2. d4 d5 3. e5 Bf5 4. h4 h5 5. c4 dxc4 6. Bxc4 e6 7. Nc3 Be7 8. g3 Bg4
9. Be2 Bxe2 10. Ngxe2 Nh6 11. Bxh6 Rxh6 12. f4 Nd7 13. Qb3 Qb6 14. O-O Qxb3 15.
axb3 f5 16. Kg2 Rh8 17. Ng1 Nb6 18. Nf3 Bb4 19. Rfd1 Ke7 20. Rd3 Rhd8 21. Ne1 a5
22. Nc2 c5 23. Rad1 c4 24. bxc4 Nxc4 25. Rb1 Bxc3 26. Rxc3 Rac8 27. b3 Ne3+ 28.
Rxe3 Rxc2+ 29. Kf3 Rxd4 30. Rbe1 Rdd2 31. R1e2 Rxe2 32. Rxe2 Rxe2 33. Kxe2 Kd7
34. Kd3 Kc6 35. Kc4 b5+ 36. Kd4 Kb6 37. Kc3 Kc5 38. Kd3 Kb4 39. Kd4 a4 0-1

[Event "TCh-TUR 2011"]
[Site "Konya TUR"]
[Date "2011.07.04"]
[Round "7"]
[White "Ipatov, Alexander ESP"]
[Black "Guliev, Logman"]
[Result "1-0"]
[WhiteTitle "IM"]
[BlackTitle "IM"]
[WhiteElo "2536"]
[BlackElo "2459"]
[WhiteTeam "Istanbul Teknik Universitesi S.K."]
[BlackTeam "Yapi Kredi Spor Kulubu"]
[WhiteFideId "14116731"]
[BlackFideId "13400061"]
[EventDate "2011.06.28"]

1. d4 Nf6 2. c4 e6 3. Nf3 d5 4. Nc3 Be7 5. cxd5 exd5 6. Bg5 O-O 7. e3 c6 8. Bd3
Re8 9. Qc2 Nbd7 10. O-O Nf8 11. h3 Ne4 12. Bf4 Nxc3 13. bxc3 Ng6 14. Rae1 Be6
15. Bh2 Bd6 16. Ne5 Nf8 17. f4 f6 18. Nf3 Qd7 19. Kh1 Re7 20. g4 Rae8 21. Rg1
Bf7 22. Qf2 Kh8 23. h4 Bg6 24. f5 Bf7 25. Rg2 Qc7 26. g5 Bh5 27. gxf6 gxf6 28.
Reg1 Nd7 29. Bxd6 Qxd6 30. Nh2 Nb6 31. Nf1 Nc4 32. Rg3 Bf7 33. h5 Rg8 34. Qh2
Rxg3 35. Rxg3 Qd8 36. Qh4 Re8 37. Bxc4 dxc4 38. Qf4 Qe7 39. h6 Bd5+ 40. Kg1 b5
41. Kf2 a5 42. Rg7 Bf7 43. Ng3 Rg8 44. Nh5 Qf8 45. Qc7 1-0

[Event "TCh-TUR 2011"]
[Site "Konya TUR"]
[Date "2011.07.04"]
[Round "7"]
[White "Galkin, Alexander"]
[Black "Parligras, Mircea-Emilian"]
[Result "1/2-1/2"]
[WhiteTitle "GM"]
[BlackTitle "GM"]
[WhiteElo "2598"]
[BlackElo "2626"]
[WhiteTeam "Celikkol Turizm Pamukkale Universitesi S.K."]
[BlackTeam "Deniz Genclik S.K."]
[WhiteFideId "4120426"]
[BlackFideId "1204297"]
[EventDate "2011.06.28"]

1. Nf3 c5 2. c4 g6 3. d4 cxd4 4. Nxd4 Nc6 5. e4 Nf6 6. Nc3 d6 7. Be2 Nxd4 8.
Qxd4 Bg7 9. Be3 O-O 10. Qd2 a5 11. Rd1 Be6 12. O-O a4 13. f4 Qa5 14. Bd4 Rfc8
15. b3 axb3 16. axb3 Qa3 17. f5 Bd7 18. Bxf6 Bxf6 19. Nd5 Bc6 20. Nxf6+ exf6 21.
fxg6 hxg6 22. Qxd6 Qxd6 23. Rxd6 Ra2 24. Bf3 Rb2 25. Rxf6 Rxb3 26. h4 Rc7 27. h5
Kg7 28. Rf4 Rc3 29. hxg6 fxg6 30. e5 Bxf3 31. R1xf3 R3xc4 32. Rxc4 Rxc4 33. Rb3
Kf7 34. Rxb7+ Ke6 35. Rb6+ Kxe5 36. Rxg6 Kf5 37. Rg8 Rc3 38. Kh2 Rb3 39. g3 Rb4
40. Kh3 Ke5 1/2-1/2

[Event "TCh-TUR 2011"]
[Site "Konya TUR"]
[Date "2011.07.04"]
[Round "7"]
[White "Ibrahimov, Rasul"]
[Black "Odeev, Handszar"]
[Result "1/2-1/2"]
[WhiteTitle "GM"]
[BlackTitle "GM"]
[WhiteElo "2532"]
[BlackElo "2405"]
[WhiteTeam "Deniz Genclik S.K."]
[BlackTeam "Celikkol Turizm Pamukkale Universitesi S.K."]
[WhiteFideId "13400495"]
[BlackFideId "14000091"]
[EventDate "2011.06.28"]

1. Nf3 Nf6 2. c4 g6 3. Nc3 d5 4. cxd5 Nxd5 5. Qa4+ Bd7 6. Qc2 Nb6 7. d4 Bg7 8.
Bf4 O-O 9. Rd1 Bf5 10. e4 Bg4 11. d5 Bxf3 12. gxf3 N8d7 13. Nb5 Ne5 14. Be2 Qd7
15. Qb3 c6 16. dxc6 Qxc6 1/2-1/2

[Event "TCh-TUR 2011"]
[Site "Konya TUR"]
[Date "2011.07.04"]
[Round "7"]
[White "Reyhan, Dogan Heval"]
[Black "Topak, Engin"]
[Result "1/2-1/2"]
[WhiteTitle "FM"]
[BlackTitle "FM"]
[WhiteElo "2343"]
[BlackElo "2306"]
[WhiteTeam "Celikkol Turizm Pamukkale Universitesi S.K."]
[BlackTeam "Deniz Genclik S.K."]
[WhiteFideId "6301290"]
[BlackFideId "6300324"]
[EventDate "2011.06.28"]

1. e4 Nf6 2. e5 Nd5 3. d4 d6 4. c4 Nb6 5. exd6 exd6 6. Nc3 Be7 7. h3 O-O 8. Nf3
Bf5 9. Be2 Bf6 10. O-O Nc6 11. Be3 d5 12. c5 Nc4 13. Bf4 b6 14. Bxc7 Nxb2 15.
Bxd8 Nxd1 16. Nxd5 Nc3 17. Nxc3 Rfxd8 18. cxb6 axb6 19. Nb5 Nxd4 20. Nfxd4 Bxd4
21. Nxd4 Rxd4 1/2-1/2